书目信息 |
| 题名: |
中国文学批评史新编
|
|
| 作者: | 王运熙 , 顾易生 主编 | |
| 分册: | 上册 | |
| 出版信息: | 上海 复旦大学出版社 2001 |
|
| 页数: | 426页 | |
| 开本: | 24cm | |
| 丛书名: | ||
| 单 册: | ||
| 中图分类: | I206.09 | |
| 科图分类: | ||
| 主题词: | 文学批评史--中国 | |
| 电子资源: | ||
| ISBN: | 7-309-02939-9 | |
| 000 | 00653nam0 2200217 45 | |
| 001 | 0309171502 | |
| 005 | 20031219104115.9 | |
| 010 | @a7-309-02939-9@dCNY88.00 | |
| 100 | @a20030917d2001 km y0chiy0120 ea | |
| 101 | 0 | @achi |
| 105 | @a z 000yy | |
| 200 | 1 | @a中国文学批评史新编@h上册@AZhong Guo Wen Xue Pi Ping Shi Xin Bian@f王运熙,顾易生主编@FWang Yun Xi,Gu Yi Sheng Zhu Bian |
| 210 | @a上海@c复旦大学出版社@d2001 | |
| 215 | @a426页@d24cm | |
| 300 | @a高等学校文科教材 | |
| 606 | 0 | @a文学批评史@y中国 |
| 690 | @aI206.09@v4 | |
| 701 | 0 | @a王运熙@4主编 |
| 701 | 0 | @a顾易生@4主编 |
| 801 | @aCN@bTSTC@c20030922 | |
| 905 | @b326005@dI206.09@e12:1@f1 | |
| 中国文学批评史新编.上册/王运熙,顾易生主编.-上海:复旦大学出版社,2001 |
| 426页;24cm |
| 高等学校文科教材 |
| ISBN 7-309-02939-9:CNY88.00 |
| ● |
| 相关链接 |
|
|
|
|
正题名:中国文学批评史新编
索取号:I206.09/12:1
 
预约/预借
| 序号 | 登录号 | 条形码 | 馆藏地/架位号 | 状态 | 备注 |
| 1 | 0326005 | 203260050 | 第一样本阅览室/ [索取号:I206.09/12:1] | 在馆 |